Football Quiz par lettre - B - Statistiques

Statistiques générales
  • Ce quiz a été pris 10 331 fois
  • Le résultat moyen est 12 sur 20
Statistiques - réponses
Hint Réponse % Correct
Surnom des joueur de l'équipe de France les Bleus
97%
Gardien Champion du monde avec l'Italie en 2006 Gianluigi Buffon
94%
Equipe 5X Champion de monde Brésil
93%
Dortmund ou Moenchengladbach ont ce nom en commun Borussia
88%
Equipe le plus titrée d'Allemagne Bayern Munich
85%
Les Rivaux du River Plate Boca Junior
82%
Etoile Rouge - Partizan en est le derby Belgrade
75%
Joueur ayant offert la C1 à Marseille Basile Boli
72%
Ville où est basé l'Aston Villa Birmingham
68%
L'une des équipes d'Istanbul Besiktas
60%
Surnom du FC Barcelone (catalan) Blaugranes
55%
Surnommé "The Kaiser" Franz Beckenbauer
53%
Le stade de ces derniers La Bombonera
48%
Président de la FIFA de 1998 à 2015 Sepp Blatter
40%
Meilleur buteur de l'Argentine après Messi Gabriel Omar Batistuta
37%
Equipe championne de C1 1961 et 1962 Benfica
32%
Ballon d'Or 1993 Roberto Baggio
29%
Ville du Drame du Heysel Bruxelles
28%
Joueur puis président du Real Madrid Santiago Bernabeù
25%
L'arrêt juridique de 1997 qui changea le Mercato Bosman
24%
Aucun quiz correspondant
Distribution des résultats
% des personnes avec chaque résultat
Percentile par nombre de réponses
Votre historique - résultats
Vous n’avez pas pris ce quiz